|
|
|
|
| LEADER |
00000nam0a2200000 4500 |
| 001 |
326037 |
| 005 |
20231102003824.0 |
| 035 |
|
|
|a (RuTPU)RU\TPU\book\351653
|
| 090 |
|
|
|a 326037
|
| 100 |
|
|
|a 20161216d1969 km y0rusy50 ca
|
| 101 |
0 |
|
|a rus
|
| 102 |
|
|
|a RU
|
| 105 |
|
|
|a a z 001zy
|
| 200 |
1 |
|
|a Очерки медицинской радиологии
|f Д. К. Завадовский
|
| 210 |
|
|
|a Томск
|c Изд-во Томского ун-та
|d 1969
|
| 215 |
|
|
|a 328 с.
|c ил.
|
| 320 |
|
|
|a Библиогр.: с. 310-327
|
| 606 |
1 |
|
|a Радиология
|x Медицина
|2 stltpush
|3 (RuTPU)RU\TPU\subj\53419
|9 71677
|
| 610 |
1 |
|
|a история
|
| 610 |
1 |
|
|a радиационные поражения
|
| 610 |
1 |
|
|a ионизирующие излучения
|
| 610 |
1 |
|
|a лучевые поражения
|
| 610 |
1 |
|
|a осложнения
|
| 610 |
1 |
|
|a лучевая теория
|
| 610 |
1 |
|
|a радиоактивные изотопы
|
| 610 |
1 |
|
|a диагностика
|
| 675 |
|
|
|a 615.84
|v 4
|
| 700 |
|
1 |
|a Завадовский
|b Д. К.
|g Дмитрий Константинович
|
| 801 |
|
1 |
|a RU
|b 63413507
|c 20161216
|
| 801 |
|
2 |
|a RU
|b 63413507
|c 20200120
|g RCR
|
| 942 |
|
|
|c BK
|